Controlling east-West trade and technology transfer : power, politics, and policies

محفوظ في:
التفاصيل البيبلوغرافية
مؤلفون آخرون: Bertsch, Gary K. (editor)
التنسيق: غير معروف
منشور في: Durham : Duke University Press, c1998
الموضوعات:
الوسوم: إضافة وسم
لا توجد وسوم, كن أول من يضع وسما على هذه التسجيلة!

MARC

LEADER 00000 a2200000 4500
020 |a 822308436  |c TZS 27996/= 
040 |a MUL  |b eng.  |e AACR 
082 |a 382 CON 
245 |a Controlling east-West trade and technology transfer :   |b power, politics, and policies   |c / edited by Gary K. Bertsch 
260 |a Durham :   |b Duke University Press,   |c c1998 
300 |a xiv, 506 p. ;  |c 25 cm. 
504 |a Includes bibliographic and index 
650 |a East - Waste trade 
650 |a Technology transfer - Communist coutries 
650 |a Export control - united States  
650 |a Export control - Europe 
700 |a Bertsch, Gary K.   |c (editor) 
942 |c BK 
999 |c 574  |d 574